Click the city to country - Statistics

General Stats
  • This quiz has been taken 55 times
  • The average score is 24 of 25
Answer Stats
Hint Answer % Correct
Paris France
100%
Brasilia Brazil
98%
Berlin Germany
98%
Athenas Greece
98%
New Delhi India
98%
Dublin Ireland
98%
Kuwait city Kuwait
98%
Mexico city Mexico
98%
Bangkok Thailand
98%
Washington D.C Usa
98%
Ottawa Canada
96%
Rome Italy
96%
Tokyo Japan
96%
Panama city Panama
96%
Lima Peru
96%
Moscow Russia
96%
Seoul South korea
96%
Vienna Austria
94%
Nairobi Kenya
94%
Kyiv Ukraine
94%
Canberra Australia
91%
Cape town South africa
91%
Manila Philippines
87%
Abu dhabi Uae
87%
Jakarta indonesia
85%
No matching quizzes found
Score Distribution
Percent of People with Each Score
Percentile by Number Answered
Your Score History
You have not taken this quiz